ワンピース 紹介文からキャラクター - Statistics

General Stats
  • This quiz has been taken 239 times
  • The average score is 13 of 15
Answer Stats
Hint Answer % Correct
考古学の聖地オハラで育ち、幼くして博士号を得たほどの優秀な考古学者。歴史の真実を記す遺物"真の歴史の本文(リオ・ポーネグリフ)"を見ることが夢。 ニコ・ロビン
99%
アラバスタ王国王女で、現国王ネフェルタリ・コブラの娘。勇気と優しさに溢れ、こうと決めたら体当たりで挑む行動派!また、王族としての立場をよく理解しており、国民を大切にし、国民からも非常に愛されている。犯罪秘密結社バロックワークスが王国乗っ取りを狙っていることを知り、イガラムと共に潜入していた。ラブーンの体内で出会った麦わらの一味を抹殺しようとしたが、撃退され、逆に一味に助けられる。その後は打倒クロコダイルを目指し一味と同行。旅を続けるうちに、一味と深い信頼関係を結んでいった。 ネフェルタリ・ビビ
95%
エースに並ぶルフィの義兄。幼少期、海賊を夢見て海へ漕ぎ出した際、天竜人により海に沈められてしまう。その時に革命軍を率いるドラゴンに救われ、現在は革命軍の参謀総長を務めている。 サボ
91%
“道化”の異名を持つ○○海賊団船長。若い頃はロジャー海賊団でシャンクスと共に見習いをしていた。現在は“千両道化”に異名が変わり、王下七武海入りを果たし、さらに「海賊派遣組織」の総帥となっている。バラバラの実の能力者で身体をバラバラに分離させることができる。派手好き。赤く大きい鼻を気にしており、少しでもいじられると烈火のごとく怒る。 バギー
91%
「最悪の世代」の1人であり、自由自在に人体改造できる超人系悪魔の実〝オペオペの実〟の能力者。幼い頃、珀鉛病にかかり死ぬ運命だったが、コラソンのおかげで助かった。打倒・カイドウのため麦わらの一味と同盟を組んだ。 トラファルガー・ロー
90%
海軍大将。自然系”ピカピカの実”の能力者で光を駆使した数々の強烈な技を繰り出す。飄々とした口調とは対照的に、敵に対して容赦ない攻撃をしかける。 ボルサリーノ
90%
王下七武海の1人で”ニキュニキュの実”の肉球人間。肉球で弾かれた人間は三日三晩空を飛ぶ。元懸賞金2億9600万ベリー。政府の天才科学者Dr.ベガパンクによって改造された、パシフィスタと呼ばれる政府の”人間兵器”。マリンフォード頂上戦争の前に完全に兵器となり、人格を失った。 バーソロミュー・くま
90%
ルフィが海に出て最初に出会った人物。アルビダ海賊団に捕まり、2年間雑用として働かされていたが、ルフィと出会ったことから、夢だった海軍将校を目指す。モーガンの事件に関わったことで後に親友となるヘルメッポとともに海軍に入隊した。その後、ガープ中将に海軍本部へと連れられ、雑用係として働きながら特訓を受けるようになる。六式「剃」を使いこなせるようになり、「見聞色の覇気」を覚醒させるなど、目覚ましい成長を見せている。現在は海軍大佐。 コビー
89%
「最悪の世代」の1人で、キッド海賊団を率いる凶悪な男。目的のためには、民間人に対しても多大な被害を与えるため、海軍からも警戒され、懸賞金額も高い。シャボンディ諸島でルフィたちと共闘した後、独自に〝新世界〟へ突入する。 ユースタス・キッド
88%
魚人で編成された海賊団の船長。魚人の驚異的パワーで○○の育ったココヤシ村を襲撃した残虐な男。元タイヨウの海賊団。 アーロン
87%
ローグタウン時代からスモーカーの副官を務めているG-5支部の大佐。刀剣マニアであり、自らも刀を使う剣士。極度の近眼で、トロい面もあるが、海賊を憎む気持ちは強く、特にゾロに対しては強い対抗心を持っている。生真面目な性格だが、隊員たちの人気は高く、アイドル扱いされている。ゾロの幼なじみにしてライバル・くいなに瓜二つ。 たしぎ
86%
金獅子海賊団・提督。大海賊時代以前には、ゴール・D・ロジャーと渡り合ったほどの実力の持ち主。一時、インペルダウンに投獄されるも脱獄。 シキ
84%
ワノ国の鬼ヶ島にいた般若の面をつけ、両腕に爆発する手錠をつけられた謎の人物。その正体は、カイドウの息子で金棒を手に、カイドウと同じ技「雷鳴八卦」を使うことができる。数年前、在りし日のエースと出会っており、友達になっている。さらに光月おでんの公開処刑を見て以来、おでんを尊敬しており、彼の「航海日誌」を大切にしている。その忠誠心の強さは凄まじく、体を張って、おでんの息子・モモの助を守るほどである。 ヤマト
84%
美しき海賊団の船長を務める美男子。“白馬の○○”の異名の通り、白馬に乗って登場する。会う前からルフィを逆恨みしていたが、オモチャ化を解いてくれた恩に報いるために協力する。実は夢遊病者で、寝ると「ハクバ」という強力で凶悪な別人格が目覚めてしまう。麦わらの一味傘下。 キャベンディッシュ
75%
赤髪海賊団の幹部の一人。いつでも肉を離さない大食らいで、海賊団のムードメーカー的存在でもある。 ラッキー・ルウ
70%
No matching quizzes found
Score Distribution
Percent of People with Each Score
Percentile by Number Answered
Your Score History
You have not taken this quiz